ბათუმის შოთა რუსთაველის სახელმწიფო უნივერსიტეტის ბიბლიოთეკა

შინაგანი დაავადებები.(ნ1) (ბიბ.ჩანაწერი № 35869)

000 -LEADER
fixed length control field 00739nam a2200217Ia 4500
001 - CONTROL NUMBER
control field 1760
003 - CONTROL NUMBER IDENTIFIER
control field GE_BSU
008 - FIXED-LENGTH DATA ELEMENTS--GENERAL INFORMATION
fixed length control field 181216s||||||||xx |||||||||||||| ||und||
040 ## - CATALOGING SOURCE
Transcribing agency GE_BSU
080 ## - UNIVERSAL DECIMAL CLASSIFICATION NUMBER
Universal Decimal Classification number 616.1/4(075.8)+616.6(075.8)
100 ## - MAIN ENTRY--PERSONAL NAME
Personal name ალადაშვილი, ვ.
245 ## - TITLE STATEMENT
Title შინაგანი დაავადებები.(ნ1)
245 ## - TITLE STATEMENT
Remainder of title სახ-ლო სამედიცინო ინ–ტის სტუდენტებისათვის
260 ## - PUBLICATION, DISTRIBUTION, ETC.
Place of publication, distribution, etc. თბილისი
260 ## - PUBLICATION, DISTRIBUTION, ETC.
Name of publisher, distributor, etc. განათლება
260 ## - PUBLICATION, DISTRIBUTION, ETC.
Date of publication, distribution, etc. 2007
300 ## - PHYSICAL DESCRIPTION
Extent 391 გვ. 21 სმ.
653 ## - INDEX TERM--UNCONTROLLED
Uncontrolled term შინაგანი დაავადებები
942 ## - ADDED ENTRY ELEMENTS (KOHA)
Koha item type წიგნი
ეგზემპლარები
Withdrawn status Lost status Damaged status Not for loan Date acquired Barcode Date last seen Price effective from Koha item type Public note
        2018-12-17 3580 2018-12-17 2018-12-17 წიგნი დარბაზი